00386nam a22001337a 450000500170000000800410001704100130005808200130007110000130008424500450009726000510014230000330019365000260022620240422132809.0240422b |||||||| |||| 00| 0 eng d aEnglish  a349 LAW  lEnglish  aThe Law Reports : Queen's Bench Division aLondon : bWilliam Clowes and Sons Ltd, c1895 bxxxiv, 986 pages ; c25 cm.  aLegal practice bLaw